| 000 | 01044cam a22002054a 4500 | ||
|---|---|---|---|
| 005 | 20250605164004.0 | ||
| 008 | 250528s ||||||||||||||||||||||||d | ||
| 035 | _a15730 | ||
| 020 | _a333077024 | ||
| 040 |
_aGR-AtMCL _bgre _dGR-AtMCL _eAACR2 |
||
| 245 | 1 | _aThe British Financial System | |
| 250 | _a1st | ||
| 260 |
_bMacmillan Press Ltd, _c1973 |
||
| 300 | _a500 | ||
| 520 | _aPreface, General Notes, The Financial System as a Whole, Structure of the Financial System, Financial Claims, Markets, Financial Institutions, The Banking System, The Banking System and the Bank of England, Deposit Banks, The Banking Mechanism, The Discount Market, Secondary Banks, Parallel Money Markets, The International Money Market, Other Deposit Institutions, Finance Houses, Saving Banks, Building Societies, Other Financial Institutions, Insurance Companies and Pension Funds, Investment Trust Companies and Unit Trusts, Special Investment Agencies, Index. | ||
| 700 | 1 |
_aRevell Jack _91700 |
|
| 942 | _cBK | ||
| 999 |
_c1286 _d1286 |
||